Caste in India (Record no. 29601)

MARC details
000 -LEADER
fixed length control field 00267nam a2200121Ia 4500
082 ## - DEWEY DECIMAL CLASSIFICATION NUMBER
Classification number 308(540)
Item number HUT
100 ## - MAIN ENTRY--AUTHOR NAME
Personal name Hutton, J H
245 #0 - TITLE STATEMENT
Title Caste in India
250 ## - EDITION STATEMENT
Edition statement 4
260 ## - PUBLICATION, DISTRIBUTION, ETC. (IMPRINT)
Place of publication Delhi
Name of publisher OUP
Year of publication 1977
942 ## - ADDED ENTRY ELEMENTS (KOHA)
Koha item type Books
Holdings
Withdrawn status Lost status Damaged status Not for loan Home library Current library Date acquired Cost, normal purchase price Full call number Accession Number Koha item type
        RRII Library RRII Library 16/12/2021 20.00 308(540) HUT 10184 Books